Effectiffs Croatie Euro 2024 - Statistiques

Statistiques générales
  • Ce quiz a été pris 72 fois
  • Le résultat moyen est 12 sur 26
Statistiques - réponses
Poste Numéro Club Joueur % Correct
Défenseur 4 Manchester City Josko Gvardiol
96%
Milieu 10 Real Madrid Luka Modric
96%
Milieu 8 Manchester City Mateo Kovacic
94%
Gardien 1 Fenerbahce Dominik Livakovic
91%
Milieu 11 Al-Nassr Marcelo Brozovic
85%
Attaquant 9 TSG Hoffenheim Andrej Kramaric
74%
Défenseur 2 Bayer Leverkusen Josip Stanisic
64%
Milieu 7 VFL Wolfsburg Lovro Majer
64%
Défenseur 21 AEK Athènes Domagoj Vida
60%
Attaquant 14 Hajduk Split Ivan Perisic
60%
Défenseur 19 Ajax Borna Sosa
55%
Défenseur 6 Ajax Josip Sutalo
53%
Attaquant 16 CA Osasuna Ante Budimir
47%
Attaquant 17 Dinamo Zagreb Bruno Petkovic
40%
Défenseur 22 Union Berlin Josip Juranovic
28%
Milieu 13 FC Torino Nikola Vlasic
28%
Milieu 25 RB Salzburg Luka Sucic
26%
Milieu 26 Dinamo Zagreb Martin Baturina
26%
Attaquant 18 Feyenoord Luka Ivanusec
19%
Défenseur 3 US Lecce Marin Pongracic
19%
Milieu 15 Atalanta Bergamo Mario Pasalic
19%
Attaquant 20 HNK Rijeka Marko Pjaca
19%
Défenseur 5 US Sassuolo Martin Erlic
15%
Gardien 12 HNK Rijeka Nediljko Labrovic
15%
Gardien 23 FC Pafos Ivica Ivusic
9%
Attaquant 24 HNK Rijeka Marco Pasalic
6%
Aucun quiz correspondant
Distribution des résultats
% des personnes avec chaque résultat
Percentile par nombre de réponses
Votre historique - résultats
Vous n’avez pas pris ce quiz